| 000 | 00472nmm a22001697a 4500 | ||
|---|---|---|---|
| 005 | 20160607114716.0 | ||
| 008 | 150629b xxu||||| |||| 00| 0 spa d | ||
| 041 | _aspa | ||
| 082 | _aSE 97 | ||
| 100 |
_aBarquero Fajardo, Paola _93555 |
||
| 245 | _aInforme de práctica supervisada realizada en la Municipalidad de Paraíso | ||
| 260 | _c2015 | ||
| 650 |
_aSECRETARIADO EJECUTIVO _911010 |
||
| 650 |
_aSERVICIO AL CLIENTE _91558 |
||
| 650 |
_aARCHIVO _93521 |
||
| 942 | _cIP | ||
| 999 |
_c6314 _d6314 |
||